Nafta, a.s., Gbely analýza spoločnosti

Analýza spoločnosti Nafta, a.s., Gbely. Hlavnou činnosťou spoločnosti je uskladňovanie plynu v podzemných zásobníkoch, ťažba plynu, ropy a glazolínu, geologické práce a výroba prieskumných zariadení. Zdroje výnosov a hospodársky výsledok. Finančná analýza. Štruktúra cudzích zdrojov. Štruktúra pasív.

Salvato in:
Dettagli Bibliografici
Autore principale: Ilavský, Martin
Natura: Capitolo di libro
Lingua:slovacco
inglese
Soggetti:
Tags: Aggiungi Tag
Nessun Tag, puoi essere il primo ad aggiungerne!!

MARC

LEADER 00000naa a2200000 4500
001 r040182
005 20230426115122.6
041 0 |a slo 
041 0 |a eng 
044 |a SK 
245 1 0 |a Nafta, a.s., Gbely  |b analýza spoločnosti  |c Martin Ilavský 
520 |a Analýza spoločnosti Nafta, a.s., Gbely. Hlavnou činnosťou spoločnosti je uskladňovanie plynu v podzemných zásobníkoch, ťažba plynu, ropy a glazolínu, geologické práce a výroba prieskumných zariadení. Zdroje výnosov a hospodársky výsledok. Finančná analýza. Štruktúra cudzích zdrojov. Štruktúra pasív. 
610 2 0 |a analýza finančná 
610 2 0 |a Nafta, a.s. Gbely 
610 2 0 |a hospodárstvo podniku finančné 
610 2 0 |a plyn zemný 
610 2 0 |a Slovensko 
610 2 0 |a výsledok hospodársky 
610 2 0 |a priemysel ťažobný 
610 2 0 |a 1996-2000 
100 1 |a Ilavský, Martin